Normal view MARC view
  • Radio receiver circuits handbook

Entry Corporate Name

Number of records used in: 1

001 - CONTROL NUMBER

  • control field: 105522

003 - CONTROL NUMBER IDENTIFIER

  • control field: NUST

005 - DATE AND TIME OF LATEST TRANSACTION

  • control field: 20221221121705.0

008 - FIXED-LENGTH DATA ELEMENTS

  • fixed length control field: 221221|| aca||aabn | a|a d

040 ## - CATALOGING SOURCE

  • Original cataloging agency: NUST
  • Transcribing agency: NUST

110 ## - HEADING--CORPORATE NAME

  • Corporate name or jurisdiction name as entry element: Radio receiver circuits handbook

670 ## - SOURCE DATA FOUND

  • Source citation: Work cat.: (NUST)183491: E. M. Squire 105521, Radio receiver circuits handbook /, 1955
© 2023 Central Library, National University of Sciences and Technology. All Rights Reserved.